Paesi nominati nella pagina Wikipedia della Città del Vaticano - Statistics

Statistiche generali
  • Questo quiz è stato fatto 53 volte
    52 dall'ultimo reset
  • Il punteggio medio è 2 su 8
Statistiche sulle risposte
Volte in cui viene nominato Indizio (basato sul motivo per cui lo stato viene nominato nella pagina Wikipedia) Paese % Corretto
16 Paese confinante e dal quale la Città del Vaticano ha ottenuto l'indipendenza nel 1929 Italia
98%
1 Nel 1971 Paolo VI criticò il ricorso alla pena capitale in questo paese europeo di tradizione cattolica Spagna
81%
1 Le numerose zone extraterritoriali della Santa Sede ne rendono l'effettiva autonomia estesa cinque volte questo paese Monaco
27%
1 Paese che ha avviato relazioni ufficiali con la Città del Vaticano durante il pontificato di Benedetto XVI Sudan del Sud
13%
1 In questo paese dal 1979 non risiede un nunzio vaticano ma un "incaricato d'affari ad interim" Taiwan
13%
1 Paese che ha avviato relazioni ufficiali con la Città del Vaticano durante il pontificato di Benedetto XVI Emirati Arabi Uniti
6%
1 Paese che ha avviato relazioni ufficiali con la Città del Vaticano durante il pontificato di Benedetto XVI Montenegro
6%
1 Paese che ha avviato relazioni ufficiali con la Città del Vaticano durante il pontificato di Benedetto XVI Botswana
4%
Nessun quiz corrispondente trovato
Distribuzione punteggi
Percentuale di utenti per punteggio
Percentile per numero di risposta
I tuoi punteggi nel tempo
Non hai fatto questo quiz dall'ultimo reset